<?xml version="1.0" encoding="UTF-8"?>
<collection xmlns="http://www.loc.gov/MARC21/slim">
<record>
  <controlfield tag="001">156639</controlfield>
  <controlfield tag="005">20251030145435.0</controlfield>
  <datafield tag="024" ind1="7" ind2=" ">
    <subfield code="2">doi</subfield>
    <subfield code="a">10.1016/j.placenta.2025.02.018</subfield>
  </datafield>
  <datafield tag="024" ind1="8" ind2=" ">
    <subfield code="2">sideral</subfield>
    <subfield code="a">143905</subfield>
  </datafield>
  <datafield tag="037" ind1=" " ind2=" ">
    <subfield code="a">ART-2025-143905</subfield>
  </datafield>
  <datafield tag="041" ind1=" " ind2=" ">
    <subfield code="a">eng</subfield>
  </datafield>
  <datafield tag="100" ind1=" " ind2=" ">
    <subfield code="a">Medel-Martinez, Ana</subfield>
  </datafield>
  <datafield tag="245" ind1=" " ind2=" ">
    <subfield code="a">The placental transcriptomic profile determined by maternal COVID-19 disease encompasses alterations reminiscent of preeclampsia</subfield>
  </datafield>
  <datafield tag="260" ind1=" " ind2=" ">
    <subfield code="c">2025</subfield>
  </datafield>
  <datafield tag="506" ind1="0" ind2=" ">
    <subfield code="a">Access copy available to the general public</subfield>
    <subfield code="f">Unrestricted</subfield>
  </datafield>
  <datafield tag="520" ind1="3" ind2=" ">
    <subfield code="a">Introduction. During initial stages of the pandemic, SARS-CoV-2 infection during pregnancy was related to adverse pregnancy outcomes and alterations in the placenta. Whether placental abnormalities in pregnant women with COVID-19 still persist afterwards remains poorly studied. Here, we determined whether the absence of obstetric complications after maternal COVID-19 disease, including preeclampsia, is accompanied by a complete return to normalcy in terms of placental physiology. Methods. Placental RNA was purified from placental samples from SARS-CoV-2 positive mothers taken either in 2022, when Omicron was the predominant variant of concern (termed Omicron) (n = 21); or from healthy pregnancies predating the pandemic (termed preCOVID-19). Our cohort included samples from pregnant women who got infected weeks and even months before term. We performed RNA-seq, identified differentially expressed genes and examined to which biological, biochemical and cellular pathways they belong, using gene set enrichment analysis. Results. We identified 71 differentially expressed genes (DEGs) (defined by p-value ≤0.05 and fold change (FC) of ≤ -2 or ≥2). The alterations identified in placentas delivered by mothers who suffered an episode of COVID-19 disease could be mainly attributed to pathways related to organogenesis, extracellular matrix organization and oxygen transport. These alterations were also detected after exclusion of gestational diabetes mellitus (GDM) samples. Although none of the samples were taken from cases of preeclampsia, several of the relevant DEGs have been previously reported as dysregulated in hypertensive disorders of pregnancy including preeclampsia. Discussion. We propose that maternal SARS-CoV-2 infection causes alterations in gene expression that are indicative of vascular defects in the placenta</subfield>
  </datafield>
  <datafield tag="536" ind1=" " ind2=" ">
    <subfield code="9">info:eu-repo/grantAgreement/ES/DGA/B46-20R</subfield>
    <subfield code="9">info:eu-repo/grantAgreement/ES/DGA/B46-23R</subfield>
    <subfield code="9">info:eu-repo/grantAgreement/ES/DGA/LMP228_21</subfield>
    <subfield code="9">info:eu-repo/grantAgreement/ES/ISCIII-FEDER/CM21-00045</subfield>
    <subfield code="9">nfo:eu-repo/grantAgreement/ES/ISCIII/FI21-00224</subfield>
    <subfield code="9">info:eu-repo/grantAgreement/ES/ISCIII/INT20-00033</subfield>
    <subfield code="9">info:eu-repo/grantAgreement/ES/ISCIII/JR19-00006</subfield>
  </datafield>
  <datafield tag="540" ind1=" " ind2=" ">
    <subfield code="9">info:eu-repo/semantics/openAccess</subfield>
    <subfield code="a">by-nc-nd</subfield>
    <subfield code="u">https://creativecommons.org/licenses/by-nc-nd/4.0/deed.es</subfield>
  </datafield>
  <datafield tag="655" ind1=" " ind2="4">
    <subfield code="a">info:eu-repo/semantics/article</subfield>
    <subfield code="v">info:eu-repo/semantics/submittedVersion</subfield>
  </datafield>
  <datafield tag="700" ind1=" " ind2=" ">
    <subfield code="a">Strunk, Mark</subfield>
  </datafield>
  <datafield tag="700" ind1=" " ind2=" ">
    <subfield code="a">Cebollada-Solanas, Alberto</subfield>
    <subfield code="0">(orcid)0000-0002-3312-7759</subfield>
  </datafield>
  <datafield tag="700" ind1=" " ind2=" ">
    <subfield code="a">Puente-Santamaría, Laura</subfield>
  </datafield>
  <datafield tag="700" ind1=" " ind2=" ">
    <subfield code="a">Gómez-Muñoz, Sonia</subfield>
    <subfield code="u">Universidad de Zaragoza</subfield>
  </datafield>
  <datafield tag="700" ind1=" " ind2=" ">
    <subfield code="a">Fabre, Marta</subfield>
    <subfield code="u">Universidad de Zaragoza</subfield>
  </datafield>
  <datafield tag="700" ind1=" " ind2=" ">
    <subfield code="a">Paules, Cristina</subfield>
    <subfield code="u">Universidad de Zaragoza</subfield>
    <subfield code="0">(orcid)0000-0001-6795-0367</subfield>
  </datafield>
  <datafield tag="700" ind1=" " ind2=" ">
    <subfield code="a">Oros, Daniel</subfield>
    <subfield code="u">Universidad de Zaragoza</subfield>
    <subfield code="0">(orcid)0000-0002-8476-9161</subfield>
  </datafield>
  <datafield tag="700" ind1=" " ind2=" ">
    <subfield code="a">Schoorlemmer, Jon</subfield>
  </datafield>
  <datafield tag="710" ind1="2" ind2=" ">
    <subfield code="1">1012</subfield>
    <subfield code="2">410</subfield>
    <subfield code="a">Universidad de Zaragoza</subfield>
    <subfield code="b">Dpto. Farmac.Fisiol.y Med.L.F.</subfield>
    <subfield code="c">Área Fisiología</subfield>
  </datafield>
  <datafield tag="710" ind1="2" ind2=" ">
    <subfield code="1">1013</subfield>
    <subfield code="2">645</subfield>
    <subfield code="a">Universidad de Zaragoza</subfield>
    <subfield code="b">Dpto. Cirugía</subfield>
    <subfield code="c">Área Obstetricia y Ginecología</subfield>
  </datafield>
  <datafield tag="710" ind1="2" ind2=" ">
    <subfield code="1">1012</subfield>
    <subfield code="2">X</subfield>
    <subfield code="a">Universidad de Zaragoza</subfield>
    <subfield code="b">Dpto. Farmac.Fisiol.y Med.L.F.</subfield>
    <subfield code="c">Área Técnica. Lab. y Talleres</subfield>
  </datafield>
  <datafield tag="773" ind1=" " ind2=" ">
    <subfield code="g">165 (2025), 127-135</subfield>
    <subfield code="p">Placenta</subfield>
    <subfield code="t">PLACENTA</subfield>
    <subfield code="x">0143-4004</subfield>
  </datafield>
  <datafield tag="856" ind1="4" ind2=" ">
    <subfield code="s">1064003</subfield>
    <subfield code="u">http://zaguan.unizar.es/record/156639/files/texto_completo.pdf</subfield>
    <subfield code="y">Preprint</subfield>
  </datafield>
  <datafield tag="856" ind1="4" ind2=" ">
    <subfield code="s">1530088</subfield>
    <subfield code="u">http://zaguan.unizar.es/record/156639/files/texto_completo.jpg?subformat=icon</subfield>
    <subfield code="x">icon</subfield>
    <subfield code="y">Preprint</subfield>
  </datafield>
  <datafield tag="909" ind1="C" ind2="O">
    <subfield code="o">oai:zaguan.unizar.es:156639</subfield>
    <subfield code="p">articulos</subfield>
    <subfield code="p">driver</subfield>
  </datafield>
  <datafield tag="951" ind1=" " ind2=" ">
    <subfield code="a">2025-10-30-14:52:16</subfield>
  </datafield>
  <datafield tag="980" ind1=" " ind2=" ">
    <subfield code="a">ARTICLE</subfield>
  </datafield>
</record>
</collection>